00820nam a2200241 i 4500001000700000003000900007005001700016007000300033008004100036080002200077080001100099100002900110245007600139250001300215260003700228300002200265500001500287600002700302650003000329852007700359999001900436952012300455170879ES-MaACL20230906214502.0t|090414s1924 fr ||||1| fre d a929 Reyer, Ernest a78"18"1 aCurzon, Henri de.94225810aErnest Reyer b: sa vie et ses oeuvres (1823-1909) / cHenri de Curzon. a3e éd. aParis : bPerrin et Cie, c1924. a243 p. ; c19 cm. aÍndices.14aReyer, Ernest.9137928 4aMúsica-yS.XIX.91397864 aES-MaACLjE-12562 9R.140184 z. - Biblioteca Jacinto Martínez Lacalle c170879d170879 00104070aATENEOMbATENEOMcDEPO2d2009-04-14eDONl0oE-12562p1179338r2023-02-23 00:00:00w2023-02-23yMONOGRAFIA